Vazhithettivanna malakha(വഴിതെറ്റിവന്ന മാലാഖ) (Record no. 115269)

MARC details
000 -LEADER
fixed length control field 00463 a2200157 4500
005 - DATE AND TIME OF LATEST TRANSACTION
control field 20260330121139.0
008 - FIXED-LENGTH DATA ELEMENTS--GENERAL INFORMATION
fixed length control field 260330b |||||||| |||| 00| 0 eng d
020 ## - INTERNATIONAL STANDARD BOOK NUMBER
International Standard Book Number 9789370981225
080 ## - UNIVERSAL DECIMAL CLASSIFICATION NUMBER
Universal Decimal Classification number FM
Item number VAR/VZ
100 ## - MAIN ENTRY--PERSONAL NAME
Personal name Varkey,Muttathu
245 ## - TITLE STATEMENT
Title Vazhithettivanna malakha(വഴിതെറ്റിവന്ന മാലാഖ)
260 ## - PUBLICATION, DISTRIBUTION, ETC. (IMPRINT)
Name of publisher, distributor, etc D C books.
Place of publication, distribution, etc Kottayam.
Date of publication, distribution, etc 2025.
300 ## - PHYSICAL DESCRIPTION
Extent 287p.
653 ## - INDEX TERM--UNCONTROLLED
Uncontrolled term Fiction-Novel-Malayalam Literature
942 ## - ADDED ENTRY ELEMENTS (KOHA)
item type Under processing
Holdings
Lost status Source of classification or shelving scheme Not for loan Home library Current library Date acquired Cost, normal purchase price Total Checkouts Full call number Barcode Date last seen Cost, replacement price Price effective from Koha item type Public note
  Universal Decimal Classification Not For Loan University Library University Library 27/02/2026 233.35   FM VAR/VA 00097348 27/02/2026 350.00 27/02/2026 Books processing
University Library, CUSAT